Phases finales de la CAN 2021. - Statistiques

Statistiques générales
  • Ce quiz a été pris 215 fois
  • Le résultat moyen est 12 sur 16
Statistiques - réponses
Réponse % Correct
Sénégal
98%
Maroc
97%
Égypte
97%
Tunisie
91%
Cameroun
90%
Côte d'Ivoire
90%
Mali
88%
Guinée
80%
Nigeria
78%
Burkina Faso
69%
Gabon
62%
Comores
62%
Guinée équatoriale
57%
Gambie
52%
Cap-Vert
46%
Malawi
40%
Aucun quiz correspondant
Distribution des résultats
% des personnes avec chaque résultat
Percentile par nombre de réponses
Votre historique - résultats
Vous n’avez pas pris ce quiz